Human relations in organizations: Application and skill building (Record no. 3608)

MARC details
005 - DATE AND TIME OF LATEST TRANSACTION
control field 20250610124951.0
020 ## - INTERNATIONAL STANDARD BOOK NUMBER
International Standard Book Number 978-0-07-110103-5
082 ## - DEWEY DECIMAL CLASSIFICATION NUMBER
Classification number LECT 658.3 LUS
100 ## - MAIN ENTRY--PERSONAL NAME
Author name LUSSIER, R. N.
245 ## - TITLE STATEMENT
Title Human relations in organizations: Application and skill building
250 ## - EDITION STATEMENT
Edition statement 7th Ed.
260 ## - PUBLICATION, DISTRIBUTION, ETC.
Place of publication, distribution, etc. New York,
Name of publisher, distributor, etc. McGraw-Hill,
Date of publication, distribution, etc. 2008.
300 ## - PHYSICAL DESCRIPTION
Extent xx, 678p.: ill.; figure, table.
Other physical details Index,
Dimensions 27cm.
856 ## - ELECTRONIC LOCATION AND ACCESS
Link text Access online book
Electronic name Human relations in organizations: Application and skill building
Path www.mhhe.com
942 ## - ADDED ENTRY ELEMENTS (KOHA)
Source of classification or shelving scheme Dewey Decimal Classification
Koha item type Books
Holdings
Date last seen Total checkouts Full call number Barcode Cost, replacement price Price effective from Koha item type Lost status Source of classification or shelving scheme Damaged status Not for loan Withdrawn status Home library Current library Shelving location Date acquired Cost, normal purchase price
06/10/2025   LECT 658.3 LUS 00000012477 90000.00 06/10/2025 Books   Dewey Decimal Classification       College of Business Education Main Library College of Business Education Main Library General Collection 08/04/2011 30000.00
06/10/2025   LECT 658.3 LUS 00000012478 90000.00 06/10/2025 Books   Dewey Decimal Classification       College of Business Education Main Library College of Business Education Main Library General Collection 08/04/2011 30000.00